MAASAI MARA UNIVERSITY

LIBRARY CATALOGUE

Contact Us: +254 020 2685356/7 or 0774 057787

Box: 861-20500, NAROK, KENYA

Email: info@mmarau.ac.ke

_Applied introductory Circuit analysis for electrical and computer engineers Michael Reed (Record no. 13459)

MARC details
000 -LEADER
fixed length control field 00465nam a2200145Ia 4500
008 - FIXED-LENGTH DATA ELEMENTS--GENERAL INFORMATION
fixed length control field 151021s9999 xx 000 0 und d
020 ## - INTERNATIONAL STANDARD BOOK NUMBER
International Standard Book Number 137876319
050 ## - LIBRARY OF CONGRESS CALL NUMBER
Classification number Tk 454 .R44 1999
245 ## - TITLE STATEMENT
Title _Applied introductory Circuit analysis for electrical and computer engineers Michael Reed
260 ## - PUBLICATION, DISTRIBUTION, ETC. (IMPRINT)
Place of publication, distribution, etc. New Jersey prentice hall 1999
500 ## - GENERAL NOTE
General note Includes index.
500 ## - GENERAL NOTE
General note Includes index.
650 ## - SUBJECT ADDED ENTRY--TOPICAL TERM
Topical term or geographic name as entry element _Circuit analysis
980 ## - EQUIVALENCE OR CROSS-REFERENCE-SERIES STATEMENT--PERSONAL NAME/TITLE [LOCAL, CANADA]
Personal name ^d20130517 01:42:53^oanne

No items available.

© 2016 Maasai Mara University.